Visualization in scientific computing '97 : proceedings of the Eurographics Workshop in Boulogne-sur-Mer, France, Aplir 28-30,1997
Αποθηκεύτηκε σε:
| Συγγραφή απο Οργανισμό/Αρχή: | |
|---|---|
| Άλλοι συγγραφείς: | , |
| Μορφή: | Βιβλίο |
| Γλώσσα: | English |
| Δημοσίευση: |
Wien :
Springer,
c1997
|
| Σειρά: | Eurographics
|
| Θέματα: | |
| Ετικέτες: |
Προσθήκη ετικέτας
Δεν υπάρχουν, Καταχωρήστε ετικέτα πρώτοι!
|
MARC
| LEADER | 00000nam a2200000 i 4500 | ||
|---|---|---|---|
| 001 | 1/15940 | ||
| 008 | 010122s1997 eng d | ||
| 020 | |a 3-211-83049-9 | ||
| 035 | |l 10065597 | ||
| 040 | |a GR-MY-UA |b gre |e aacr | ||
| 041 | 0 | |a eng | |
| 082 | 0 | |a 006 | |
| 110 | 2 | |a Eurographics Workshop. | |
| 245 | 1 | 0 | |a Visualization in scientific computing '97 : |b proceedings of the Eurographics Workshop in Boulogne-sur-Mer, France, Aplir 28-30,1997 / |c W. Lefer and M. Grave (eds.) |
| 260 | |a Wien : |b Springer, |c c1997 | ||
| 300 | |a vi, 187 p.; |b ill.; |c 25 cm. | ||
| 490 | 1 | |a Eurographics | |
| 504 | |a Includes bibliographical references | ||
| 650 | 0 | 0 | |a Computer graphics |x Congresses. |
| 650 | 0 | 0 | |a Visualization |x Congresses. |
| 700 | 1 | |a Lefer, W. (Wilfrid) |4 edt | |
| 700 | 1 | |a Grave, M.(Michel) |d 1952- |4 edt | |
| 830 | 0 | |a Eurographics | |
| 852 | |a INST |b SYROS |e 20010122 |h 006 EUR |p 005500001613 |q 005500001613 |t BK |y 0 | ||
| 901 | |a BIBL5-2001-1 | ||
| 909 | |a Ε |b 084388 | ||
| 922 | |a 5ΕΛΗ |b 200012 |c ΓΡΑΦΙΚΩΝ ΤΕΧΝΩΝ |d ΜΙΧΑΛΟΠΟΥΛΟΣ | ||
| 950 | |a 183-2000-12-08 | ||
| 970 | |a ΚΟΝΤΟΥ |b ΠΑΡΑΣΚΕΥΗ |z 2001/02/05 | ||